David Livingston and the Victorian Encounter with Africa (Record no. 11104)
[ view plain ]
| 000 -LEADER | |
|---|---|
| fixed length control field | 00306nam a22000977a 4500 |
| 008 - FIXED-LENGTH DATA ELEMENTS--GENERAL INFORMATION | |
| fixed length control field | 180831b ||||| |||| 00| 0 eg d |
| 020 ## - INTERNATIONAL STANDARD BOOK NUMBER | |
| International Standard Book Number | 978155141779 |
| 100 ## - MAIN ENTRY--PERSONAL NAME | |
| Personal name | Livingston, David |
| 9 (RLIN) | 6871 |
| 245 ## - TITLE STATEMENT | |
| Title | David Livingston and the Victorian Encounter with Africa |
| 260 ## - PUBLICATION, DISTRIBUTION, ETC. (IMPRINT) | |
| Place of publication, distribution, etc. | London |
| Name of publisher, distributor, etc. | National Portrait Gallery |
| Date of publication, distribution, etc. | 1996 |
| Withdrawn status | Lost status | Source of classification or shelving scheme | Damaged status | Koha normalized classification for sorting | Not for loan | Home library | Current library | Shelving location | Date acquired | Total Checkouts | Full call number | Barcode | Date last seen | Price effective from | Koha item type |
|---|---|---|---|---|---|---|---|---|---|---|---|---|---|---|---|
| Dewey Decimal Classification | LIV_222_000000000000000 | Good Samaritan School Library | Good Samaritan School Library | RELIGION | 08/31/2018 | LIV222 | LIV15101 | 08/31/2018 | 08/31/2018 | Reference |